000 00263nam a22001217a 4500
999 _c261539
_d261538
020 _a9780689818769
100 _aAndrew Clements
245 _aFrindle
260 _aNew York
_bSimon and Schuster
_c1996
300 _a109 pgs
490 _aClements
942 _cBK